[Event "Mecklenburg VP LL2 West 2223"]
[Site "Mecklenburg VP"]
[Date "2023.02.26"]
[Round "6.6"]
[White "Wagner, Ingolf"]
[Black "Gottschalk, Maik"]
[Result "1/2-1/2"]
[WhiteElo "1878"]
[BlackElo "1812"]
[PlyCount "50"]
[EventDate "2022.10.23"]
[EventType "team-tourn"]
[EventRounds "9"]
[EventCountry "GER"]
[SourceTitle "EXT 2024"]
[Source "ChessBase"]
[SourceDate "2023.10.10"]
[SourceVersion "1"]
[SourceVersionDate "2023.10.10"]
[SourceQuality "1"]
[WhiteTeam "Guestrow/Teterow II"]
[BlackTeam "Putlitz Pritzwalk"]
[WhiteTeamCountry "GER"]
[BlackTeamCountry "GER"]

1. d4 f5 2. e4 fxe4 3. Nc3 b6 4. Qh5+ g6 5. Qd5 Nc6 6. Qxe4 Nf6 7. Qd3 Bb7 8. Bf4 Bg7 9. a3 Nh5 10. Be3 e6 11. Be2 Nf6 12. Bf3 Na5 13. Bxb7 Nxb7 14. h3 Nd6 15. Nf3 Nf5 16. Bf4 0-0 17. 0-0-0 Ne7 18. Bg5 c6 19. Rhe1 Qc7 20. Qd2 Ned5 21. Ne4 Nxe4 22. Rxe4 Rae8 23. c4 Nf6 24. Ree1 Nh5 25. Re4 Nf6 1/2-1/2

[Event "Mecklenburg VP LL2 West 2122"]
[Site "Mecklenburg VP"]
[Date "2022.05.15"]
[Round "4.3"]
[White "Gottschalk, Maik"]
[Black "Elsken Sicard, Fabian"]
[Result "1/2-1/2"]
[WhiteElo "1812"]
[BlackElo "1469"]
[PlyCount "42"]
[EventDate "2021.10.24"]
[EventType "team-tourn"]
[EventRounds "9"]
[EventCountry "GER"]
[SourceTitle "EXT 2024"]
[Source "ChessBase"]
[SourceDate "2023.10.10"]
[SourceVersion "1"]
[SourceVersionDate "2023.10.10"]
[SourceQuality "1"]
[WhiteTeam "Putlitz Pritzwalk"]
[BlackTeam "Rostock Makkabi"]
[WhiteTeamCountry "GER"]
[BlackTeamCountry "GER"]

1. d4 d5 2. e3 Nf6 3. Bd3 e6 4. c3 Nbd7 5. Nd2 Bd6 6. f4 c5 7. Qf3 h5 8. Ne2 Rb8 9. 0-0 b5 10. e4 dxe4 11. Nxe4 Nxe4 12. Bxe4 Qh4 13. Qg3 Qxg3 14. Nxg3 Bb7 15. Bxb7 Rxb7 16. Ne4 Be7 17. Be3 Rc7 18. Rad1 0-0 19. dxc5 Nxc5 20. Nxc5 Bxc5 21. Bxc5 Rxc5 1/2-1/2

[Event "Mecklenburg VP LL2 West 2122"]
[Site "Mecklenburg VP"]
[Date "2022.05.01"]
[Round "9.4"]
[White "Gottschalk, Maik"]
[Black "Knuth, Hannes"]
[Result "1-0"]
[WhiteElo "1812"]
[BlackElo "2291"]
[PlyCount "67"]
[EventDate "2021.10.24"]
[EventType "team-tourn"]
[EventRounds "9"]
[EventCountry "GER"]
[SourceTitle "EXT 2024"]
[Source "ChessBase"]
[SourceDate "2023.10.10"]
[SourceVersion "1"]
[SourceVersionDate "2023.10.10"]
[SourceQuality "1"]
[WhiteTeam "Putlitz Pritzwalk"]
[BlackTeam "Schwerin SF III"]
[WhiteTeamCountry "GER"]
[BlackTeamCountry "GER"]

1. d4 Nf6 2. e3 d5 3. Bd3 Nbd7 4. f4 c5 5. c3 c4 6. Bc2 b5 7. Nd2 a5 8. Qf3 Bb7 9. Ne2 Qb6 10. a3 e6 11. 0-0 h5 12. h3 0-0-0 13. Qg3 Ne4 14. Nxe4 dxe4 15. f5 e5 16. Qh4 Qf6 17. Qf2 Bd6 18. Ng3 Rde8 19. Bxe4 exd4 20. Bxb7+ Kxb7 21. exd4 b4 22. Qf3+ Kc7 23. Ne4 Qe7 24. Nxd6 Qxd6 25. Bf4 Ne5 26. Bxe5 Rxe5 27. dxe5 Qxe5 28. Rad1 Re8 29. Qf4 f6 30. Qxe5+ Rxe5 31. Rde1 Kd6 32. Rxe5 Kxe5 33. Rf3 Ke4 34. Kf2 1-0

[Event "Mecklenburg VP LL2 West 2122"]
[Site "Mecklenburg VP"]
[Date "2022.04.03"]
[Round "8.4"]
[White "Wagner, Mario"]
[Black "Gottschalk, Maik"]
[Result "0-1"]
[WhiteElo "1588"]
[BlackElo "1812"]
[PlyCount "116"]
[EventDate "2021.10.24"]
[EventType "team-tourn"]
[EventRounds "9"]
[EventCountry "GER"]
[SourceTitle "EXT 2024"]
[Source "ChessBase"]
[SourceDate "2023.10.10"]
[SourceVersion "1"]
[SourceVersionDate "2023.10.10"]
[SourceQuality "1"]
[WhiteTeam "Wittenberge"]
[BlackTeam "Putlitz Pritzwalk"]
[WhiteTeamCountry "GER"]
[BlackTeamCountry "GER"]

1. d4 d5 2. Nf3 e6 3. Bf4 Nf6 4. c3 Nbd7 5. Nbd2 c5 6. e3 a6 7. a4 Be7 8. h3 h6 9. Be2 0-0 10. 0-0 Qb6 11. Qc2 Bd6 12. Bxd6 Qxd6 13. Qb3 c4 14. Qc2 Qc6 15. Rfc1 Re8 16. b3 b5 17. axb5 axb5 18. bxc4 bxc4 19. Rxa8 Qxa8 20. Qb2 Qc6 21. Ra1 Bb7 22. Bd1 Ra8 23. Rxa8+ Bxa8 24. Qa3 Qc8 25. Qa5 Bc6 26. Bc2 Qb8 27. Qa6 Qb7 28. Qxb7 Bxb7 29. g4 Kf8 30. Kg2 Ke7 31. Ng1 e5 32. Bf5 g6 33. Bxd7 Nxd7 34. Kg3 f6 35. Ne2 Bc6 36. Nb1 Nb6 37. Na3 Ba4 38. Nc1 Nc8 39. Na2 Nd6 40. Nb4 Ke6 41. Na6 Ne4+ 42. Kg2 Nxc3 43. Nc5+ Kd6 44. Nb1 Nxb1 45. Nxa4 c3 46. Nc5 Nd2 47. Nd3 Nb3 48. Nb4 exd4 49. exd4 Nxd4 50. Nd3 Nb3 51. Ne1 d4 52. Kf3 Kd5 53. Ke2 Kc4 54. f4 Nc5 55. h4 d3+ 56. Kd1 Ne4 57. f5 gxf5 58. gxf5 Nf2+ 0-1

[Event "Mecklenburg VP Landesliga West 1920"]
[Site "Mecklenburg VP"]
[Date "2020.03.01"]
[Round "7.5"]
[White "Gottschalk, Maik"]
[Black "Hopp, Peter"]
[Result "1-0"]
[WhiteElo "1812"]
[BlackElo "1838"]
[PlyCount "130"]
[EventDate "2019.09.29"]
[EventType "team-tourn"]
[EventRounds "9"]
[EventCountry "GER"]
[SourceTitle "EXT 2023"]
[Source "ChessBase"]
[SourceDate "2022.10.05"]
[SourceVersion "1"]
[SourceVersionDate "2022.10.05"]
[SourceQuality "1"]
[WhiteTeam "Putlitz Pritzwalk"]
[BlackTeam "Mecklenburger Springer SC"]
[WhiteTeamCountry "GER"]
[BlackTeamCountry "GER"]

1. c4 c5 2. Nc3 Nc6 3. g3 g6 4. Bg2 Bg7 5. d3 Nf6 6. Nf3 0-0 7. 0-0 d6 8. e4 Bd7 9. Ne1 Qc8 10. f4 Bh3 11. Nf3 Bxg2 12. Kxg2 e6 13. a3 Rd8 14. Qc2 a6 15. h3 e5 16. Na4 Qc7 17. fxe5 Nxe5 18. Bg5 h6 19. Nxe5 hxg5 20. Nf3 g4 21. hxg4 Nxg4 22. Qe2 Qa5 23. Ng5 Ne5 24. Nc3 b5 25. cxb5 axb5 26. Nd5 Qa7 27. Nf6+ Bxf6 28. Rxf6 Kg7 29. Raf1 Qe7 30. Rxf7+ Nxf7 31. Rxf7+ Qxf7 32. Nxf7 Kxf7 33. Qg4 Ra7 34. Qh4 Rdd7 35. Qh7+ Kf6 36. Qh8+ Kf7 37. g4 b4 38. axb4 cxb4 39. g5 Rac7 40. Qf6+ Kg8 41. Kg3 Kh7 42. Qf8 Rg7 43. Kg4 Rcf7 44. Qxd6 Rf1 45. Qh2+ Kg8 46. d4 Rgf7 47. d5 R1f2 48. Qb8+ Rf8 49. Qd6 Kh7 50. Qe5 Rf1 51. Qh2+ Kg8 52. d6 R1f2 53. Qe5 R2f7 54. Qd5 Kg7 55. e5 Rf1 56. Qb7+ R8f7 57. d7 Rg1+ 58. Kh3 Rd1 59. e6 Rd3+ 60. Kh4 Rd4+ 61. Kg3 Rd3+ 62. Kh2 Rd2+ 63. Qg2 Rfxd7 64. exd7 Rxd7 65. Qe2 Rf7 1-0

[Event "Mecklenburg VP LL2 West 1819"]
[Site "Mecklenburg VP"]
[Date "2019.03.10"]
[Round "7.5"]
[White "Gottschalk, Maik"]
[Black "Krieg, Peter"]
[Result "1-0"]
[WhiteElo "1812"]
[BlackElo "1905"]
[PlyCount "125"]
[EventDate "2018.10.21"]
[EventType "team-tourn"]
[EventRounds "9"]
[EventCountry "GER"]
[SourceTitle "EXT 2022"]
[Source "ChessBase"]
[SourceDate "2021.10.06"]
[SourceVersion "1"]
[SourceVersionDate "2021.10.06"]
[SourceQuality "1"]
[WhiteTeam "Putlitz Pritzwalk"]
[BlackTeam "Schwerin SV Einheit"]
[WhiteTeamCountry "GER"]
[BlackTeamCountry "GER"]

1. d4 Nf6 2. e3 e6 3. Bd3 d5 4. Nd2 c5 5. c3 Nc6 6. f4 Bd6 7. Qf3 Qc7 8. Ne2 cxd4 9. exd4 Bd7 10. 0-0 h5 11. h3 Ne7 12. c4 dxc4 13. Nxc4 Bc6 14. Qf2 0-0-0 15. Ne5 Rdf8 16. Bd2 Bxe5 17. dxe5 Nd7 18. Bb4 Nb6 19. Rac1 Rd8 20. Be4 Nf5 21. Bxf5 exf5 22. Nd4 Nd5 23. Bd6 Qb6 24. Nxc6 Qxf2+ 25. Rxf2 bxc6 26. Rxc6+ Kb7 27. Rc5 Nb6 28. Rfc2 Rc8 29. b4 Rxc5 30. bxc5 Nd5 31. c6+ Kb6 32. c7 Rc8 33. Rb2+ Kc6 34. Rb8 Kd7 35. Rb7 Nxf4 36. Rxa7 Ne2+ 37. Kf2 Nc3 38. Ra5 f6 39. Kf3 g5 40. Ra6 fxe5 41. Bxe5 Nb5 42. Rf6 g4+ 43. hxg4 fxg4+ 44. Kg3 Re8 45. Bf4 Nc3 46. Rf5 Ne2+ 47. Kh4 Nxf4 48. Rxf4 Kxc7 49. Kxh5 Re2 50. Rxg4 Rxa2 51. g3 Kd7 52. Re4 Ra8 53. g4 Rh8+ 54. Kg6 Kd6 55. Kg7 Rh1 56. g5 Kd5 57. Re2 Kd6 58. g6 Kd7 59. Kg8 Kd8 60. g7 Rf1 61. Re6 Kd7 62. Rh6 Ke7 63. Kh8 1-0

[Event "Mecklenburg VP LL2 West 1819"]
[Site "Mecklenburg VP"]
[Date "2019.02.24"]
[Round "6.5"]
[White "Segebarth, Bernd"]
[Black "Gottschalk, Maik"]
[Result "1/2-1/2"]
[WhiteElo "1899"]
[BlackElo "1812"]
[PlyCount "35"]
[EventDate "2018.10.21"]
[EventType "team-tourn"]
[EventRounds "9"]
[EventCountry "GER"]
[SourceTitle "EXT 2022"]
[Source "ChessBase"]
[SourceDate "2021.10.06"]
[SourceVersion "1"]
[SourceVersionDate "2021.10.06"]
[SourceQuality "1"]
[WhiteTeam "Schwerin SF IV"]
[BlackTeam "Putlitz Pritzwalk"]
[WhiteTeamCountry "GER"]
[BlackTeamCountry "GER"]

1. e4 d6 2. d4 g6 3. Nc3 Bg7 4. Be3 Nf6 5. f3 c6 6. Qd2 h5 7. 0-0-0 b5 8. Kb1 a5 9. e5 dxe5 10. dxe5 Qxd2 11. Rxd2 Nfd7 12. e6 fxe6 13. Bd3 Kf7 14. Ne4 Bf6 15. Ng5+ Bxg5 16. Bxg5 Ba6 17. Nh3 Nc5 18. Re1 1/2-1/2

[Event "Mecklenburg VP LL2 West 1819"]
[Site "Mecklenburg VP"]
[Date "2018.10.21"]
[Round "1.5"]
[White "Gottschalk, Maik"]
[Black "Hertel Mach, Frank"]
[Result "1-0"]
[WhiteElo "1812"]
[BlackElo "1838"]
[PlyCount "97"]
[EventDate "2018.10.21"]
[EventType "team-tourn"]
[EventRounds "9"]
[EventCountry "GER"]
[SourceTitle "EXT 2022"]
[Source "ChessBase"]
[SourceDate "2021.10.06"]
[SourceVersion "1"]
[SourceVersionDate "2021.10.06"]
[SourceQuality "1"]
[WhiteTeam "Putlitz Pritzwalk"]
[BlackTeam "Waren Malchow"]
[WhiteTeamCountry "GER"]
[BlackTeamCountry "GER"]

1. d4 e6 2. e3 f5 3. Bd3 Nf6 4. Nd2 Nc6 5. c3 b6 6. Ngf3 Bb7 7. e4 fxe4 8. Nxe4 d5 9. Nxf6+ gxf6 10. Qe2 Qd6 11. Be3 0-0-0 12. 0-0-0 Bg7 13. Ba6 Rhe8 14. Bxb7+ Kxb7 15. Qb5 e5 16. g3 Ne7 17. Ne1 c6 18. Qb3 Nf5 19. Nc2 exd4 20. Bxd4 Bh6+ 21. Kb1 c5 22. g4 Nxd4 23. cxd4 c4 24. Qf3 Re4 25. Rhe1 Rde8 26. Rxe4 dxe4 27. Qf5 Bf4 28. Ne3 Bxe3 29. fxe3 Re7 30. h3 h6 31. Rf1 Re6 32. Rf4 Qb4 33. Rf1 c3 34. Rf2 Rc6 35. Rc2 Qc4 36. Rxc3 Qe6 37. Qh7+ Ka6 38. Ra3+ Kb5 39. Qxa7 Rc4 40. Rb3+ Rb4 41. Rxb4+ Kxb4 42. Qa3+ Kb5 43. Kc2 Qc4+ 44. Qc3 Qe2+ 45. Kb3 Qd1+ 46. Qc2 Qf1 47. a4+ Ka5 48. Qc3+ Ka6 49. Qc4+ 1-0

[Event "Mecklenburg VP LL2 West 1718"]
[Site "Mecklenburg VP"]
[Date "2018.02.25"]
[Round "6.5"]
[White "Streit, Bodo"]
[Black "Gottschalk, Maik"]
[Result "1/2-1/2"]
[WhiteElo "1872"]
[BlackElo "1812"]
[PlyCount "30"]
[EventDate "2017.10.08"]
[EventType "team-tourn"]
[EventRounds "9"]
[EventCountry "GER"]
[SourceTitle "EXT 2022"]
[Source "ChessBase"]
[SourceDate "2021.10.06"]
[SourceVersion "1"]
[SourceVersionDate "2021.10.06"]
[SourceQuality "1"]
[WhiteTeam "Grevesmuehlen Blau Weiss"]
[BlackTeam "Putlitz Pritzwalk"]
[WhiteTeamCountry "GER"]
[BlackTeamCountry "GER"]

1. b4 c6 2. e3 Nf6 3. Bb2 a5 4. b5 cxb5 5. Bxb5 Nc6 6. Nf3 g6 7. Nc3 Bg7 8. Rb1 0-0 9. 0-0 d6 10. h3 Bd7 11. a4 Rc8 12. Ba3 Qc7 13. e4 Rfe8 14. Nd5 Nxd5 15. exd5 Nb8 1/2-1/2

[Event "Mecklenburg VP LL2 West 1718"]
[Site "Mecklenburg VP"]
[Date "2017.11.26"]
[Round "3.5"]
[White "Gottschalk, Maik"]
[Black "Raessler, Arndt"]
[Result "1/2-1/2"]
[WhiteElo "1812"]
[BlackElo "1931"]
[PlyCount "44"]
[EventDate "2017.10.08"]
[EventType "team-tourn"]
[EventRounds "9"]
[EventCountry "GER"]
[SourceTitle "EXT 2022"]
[Source "ChessBase"]
[SourceDate "2021.10.06"]
[SourceVersion "1"]
[SourceVersionDate "2021.10.06"]
[SourceQuality "1"]
[WhiteTeam "Putlitz Pritzwalk"]
[BlackTeam "Wismar ASV Gruen-Weiss II"]
[WhiteTeamCountry "GER"]
[BlackTeamCountry "GER"]

1. c4 e5 2. Nc3 Nf6 3. g3 c6 4. Bg2 d5 5. cxd5 cxd5 6. d3 Be7 7. Nf3 Nc6 8. 0-0 0-0 9. a3 a6 10. Bd2 Bf5 11. Rc1 Rc8 12. Qb3 Qd7 13. Na4 Rb8 14. Bg5 e4 15. dxe4 dxe4 16. Rfd1 Qe6 17. Qxe6 Bxe6 18. Nd4 Nxd4 19. Rxd4 h6 20. Bf4 Rbd8 21. Rxd8 Rxd8 22. Nc3 Bf5 1/2-1/2

[Event "Mecklenburg VP LL2 West 1516"]
[Site "Mecklenburg VP"]
[Date "2016.04.10"]
[Round "8.5"]
[White "Krieg, Peter"]
[Black "Gottschalk, Maik"]
[Result "1-0"]
[WhiteElo "1908"]
[BlackElo "1812"]
[PlyCount "49"]
[EventDate "2015.09.20"]
[EventType "team-tourn"]
[EventRounds "9"]
[EventCountry "GER"]
[SourceTitle "EXT 2022"]
[Source "ChessBase"]
[SourceDate "2021.10.06"]
[SourceVersion "1"]
[SourceVersionDate "2021.10.06"]
[SourceQuality "1"]
[WhiteTeam "Schwerin SV Einheit"]
[BlackTeam "Putlitzer SV 1921"]
[WhiteTeamCountry "GER"]
[BlackTeamCountry "GER"]

1. e4 d6 2. d4 g6 3. Bc4 Bg7 4. Nf3 Nf6 5. Nc3 0-0 6. 0-0 c6 7. h3 b5 8. Bd3 Bb7 9. Be3 Nbd7 10. Qd2 a6 11. Rad1 c5 12. dxc5 Nxc5 13. e5 dxe5 14. Bxc5 e4 15. Rfe1 exf3 16. Bxe7 Qd7 17. Bxf8 fxg2 18. Qe3 Re8 19. Be4 Qc7 20. Bd6 Qc4 21. b3 Qc8 22. Bxb7 Qxb7 23. Qf4 Rc8 24. Re7 Qc6 25. Be5 1-0

[Event "Mecklenburg VP LL2 West 1516"]
[Site "Mecklenburg VP"]
[Date "2016.02.21"]
[Round "6.5"]
[White "Gottschalk, Maik"]
[Black "Noelter, Gerd"]
[Result "1/2-1/2"]
[WhiteElo "1812"]
[BlackElo "1862"]
[PlyCount "43"]
[EventDate "2015.09.20"]
[EventType "team-tourn"]
[EventRounds "9"]
[EventCountry "GER"]
[SourceTitle "EXT 2022"]
[Source "ChessBase"]
[SourceDate "2021.10.06"]
[SourceVersion "1"]
[SourceVersionDate "2021.10.06"]
[SourceQuality "1"]
[WhiteTeam "Putlitzer SV 1921"]
[BlackTeam "Wismar ASV Gruen-Weiss II"]
[WhiteTeamCountry "GER"]
[BlackTeamCountry "GER"]

1. c4 Nf6 2. Nc3 e6 3. Nf3 c6 4. d4 d5 5. e3 Bd6 6. c5 Be7 7. b4 a6 8. a4 Nbd7 9. Bd3 g6 10. 0-0 0-0 11. Bd2 Qc7 12. Be2 Re8 13. h3 Bf8 14. Qc2 e5 15. dxe5 Nxe5 16. Nd4 Bg7 17. Rad1 Ned7 18. Bd3 Nf8 19. f4 Nh5 20. Nce2 f5 21. Nf3 Nf6 22. Rde1 1/2-1/2

[Event "Mecklenburg VP LL2 West 1516"]
[Site "Mecklenburg VP"]
[Date "2015.12.13"]
[Round "4.6"]
[White "Mitscherling, Reinhard"]
[Black "Gottschalk, Maik"]
[Result "1-0"]
[WhiteElo "2024"]
[BlackElo "1812"]
[PlyCount "77"]
[EventDate "2015.09.20"]
[EventType "team-tourn"]
[EventRounds "9"]
[EventCountry "GER"]
[SourceTitle "EXT 2022"]
[Source "ChessBase"]
[SourceDate "2021.10.06"]
[SourceVersion "1"]
[SourceVersionDate "2021.10.06"]
[SourceQuality "1"]
[WhiteTeam "Ludwigslust VT 2000"]
[BlackTeam "Putlitzer SV 1921"]
[WhiteTeamCountry "GER"]
[BlackTeamCountry "GER"]

1. d4 d5 2. Nf3 Nf6 3. c4 c6 4. e3 e6 5. Nc3 Be7 6. Bd3 Nbd7 7. 0-0 dxc4 8. Bxc4 b5 9. Bd3 Bb7 10. e4 a6 11. e5 Ng8 12. Be4 Qc7 13. Be3 Rd8 14. Rc1 f5 15. Bd3 Qb8 16. Qb3 Nf8 17. Ne2 g6 18. Ng5 Bxg5 19. Bxg5 Rd5 20. Nf4 Rxd4 21. Nxe6 Rd5 22. Nc5 Bc8 23. Bc4 Ne6 24. Bxd5 cxd5 25. Nxe6 Bxe6 26. Bf6 Nxf6 27. exf6 0-0 28. Qc3 Qd8 29. Qc6 Rxf6 30. Qxa6 Bd7 31. Qa7 Bc6 32. Qd4 Re6 33. Rfe1 Qg5 34. f4 Rxe1+ 35. Rxe1 Qh4 36. g3 Qd8 37. b4 Qa8 38. Re2 Qa3 39. Re7 1-0

[Event "Mecklenburg VP LL2 West 1516"]
[Site "Mecklenburg VP"]
[Date "2015.09.20"]
[Round "1.6"]
[White "Gottschalk, Maik"]
[Black "Kumbernuss, Torsten"]
[Result "1-0"]
[WhiteElo "1668"]
[BlackElo "1558"]
[PlyCount "53"]
[EventDate "2015.09.20"]
[EventType "team-tourn"]
[EventRounds "9"]
[EventCountry "GER"]
[SourceTitle "EXT 2022"]
[Source "ChessBase"]
[SourceDate "2021.10.06"]
[SourceVersion "1"]
[SourceVersionDate "2021.10.06"]
[SourceQuality "1"]
[WhiteTeam "Putlitzer SV 1921"]
[BlackTeam "Mecklenburger Springer SC"]
[WhiteTeamCountry "GER"]
[BlackTeamCountry "GER"]

1. c4 e5 2. Nc3 Nf6 3. g3 g6 4. Bg2 Bg7 5. d3 0-0 6. Nf3 d6 7. 0-0 Nbd7 8. a3 a6 9. Bd2 Rb8 10. Rc1 c6 11. Bg5 Qc7 12. b4 b5 13. cxb5 axb5 14. d4 exd4 15. Nxd4 Qb6 16. Nxc6 Ne5 17. Bxf6 Nxc6 18. Bxg7 Kxg7 19. Qxd6 Na7 20. Qf4 Bb7 21. Bxb7 Qxb7 22. Ne4 Qa6 23. Rc7 Rbc8 24. Qe5+ Kh6 25. g4 Rxc7 26. g5+ Kh5 27. Nf6+ 1-0

[Event "Mecklenburg VP LL2 West 1415"]
[Site "Mecklenburg VP"]
[Date "2015.03.15"]
[Round "7.6"]
[White "Gottschalk, Maik"]
[Black "Voll, Andreas"]
[Result "0-1"]
[WhiteElo "1675"]
[BlackElo "1771"]
[PlyCount "92"]
[EventDate "2014.09.21"]
[EventType "team-tourn"]
[EventRounds "9"]
[EventCountry "GER"]
[SourceTitle "EXT 2022"]
[Source "ChessBase"]
[SourceDate "2021.10.06"]
[SourceVersion "1"]
[SourceVersionDate "2021.10.06"]
[SourceQuality "1"]
[WhiteTeam "Putlitzer SV 1921"]
[BlackTeam "Schwerin SF IV"]
[WhiteTeamCountry "GER"]
[BlackTeamCountry "GER"]

1. c4 Nf6 2. Nc3 d6 3. g3 g6 4. Bg2 Bg7 5. Nf3 c6 6. d3 0-0 7. 0-0 Nbd7 8. Bd2 Rb8 9. b4 d5 10. a4 dxc4 11. dxc4 e5 12. Qc1 Qe7 13. Rb1 Re8 14. Bg5 Qe6 15. Nd2 h6 16. Be3 Nb6 17. Bxb6 axb6 18. e4 Bf8 19. Ne2 Ra8 20. Qc2 Qg4 21. Bf3 Qe6 22. Bg2 Nh5 23. f4 exf4 24. Nxf4 Nxf4 25. Rxf4 Bg7 26. Rbf1 Re7 27. Kh1 g5 28. R4f3 Qe5 29. Rd3 Bg4 30. Nf3 Qc7 31. Nd4 Bxd4 32. Rxd4 Qe5 33. Rd2 Bh5 34. Rdf2 Bg6 35. Re1 Rd8 36. Rfe2 Red7 37. Bh3 Rd3 38. Bf5 Bxf5 39. exf5 Qf6 40. Re8+ Kg7 41. Rxd8 Rxd8 42. g4 Rd4 43. Qe2 Qd6 44. Qb2 Qf4 45. Rg1 Kh7 46. h3 Rd2 0-1

[Event "Mecklenburg VP LL2 West 1415"]
[Site "Mecklenburg VP"]
[Date "2015.02.22"]
[Round "6.7"]
[White "Emmrich, Olaf"]
[Black "Gottschalk, Maik"]
[Result "1-0"]
[WhiteElo "1785"]
[BlackElo "1675"]
[PlyCount "63"]
[EventDate "2014.09.21"]
[EventType "team-tourn"]
[EventRounds "9"]
[EventCountry "GER"]
[SourceTitle "EXT 2022"]
[Source "ChessBase"]
[SourceDate "2021.10.06"]
[SourceVersion "1"]
[SourceVersionDate "2021.10.06"]
[SourceQuality "1"]
[WhiteTeam "Ludwigslust VT 2000"]
[BlackTeam "Putlitzer SV 1921"]
[WhiteTeamCountry "GER"]
[BlackTeamCountry "GER"]

1. e4 d6 2. d4 g6 3. Bc4 Bg7 4. Nf3 Nf6 5. Nbd2 0-0 6. c3 Bg4 7. Qb3 b6 8. Ng5 Qe8 9. h3 Bd7 10. e5 Ba4 11. Bxf7+ Rxf7 12. Qxf7+ Qxf7 13. Nxf7 Nd5 14. Ng5 dxe5 15. dxe5 Bxe5 16. Ndf3 Bf6 17. 0-0 Bc2 18. Ne6 c5 19. c4 Nb4 20. Nc7 Be4 21. Ng5 Bb7 22. Nxa8 Bxa8 23. Rd1 N8c6 24. Rd7 Nc2 25. Rb1 N2d4 26. Be3 Kg7 27. Ne4 Be5 28. Nc3 Nf5 29. Re1 a6 30. Nd5 Bxb2 31. Bg5 Ne5 32. Bf6+ 1-0

[Event "Mecklenburg VP LL2 West 1415"]
[Site "Mecklenburg VP"]
[Date "2015.01.18"]
[Round "5.6"]
[White "Gottschalk, Maik"]
[Black "Wendt, Uwe"]
[Result "1-0"]
[WhiteElo "1675"]
[BlackElo "1642"]
[PlyCount "101"]
[EventDate "2014.09.21"]
[EventType "team-tourn"]
[EventRounds "9"]
[EventCountry "GER"]
[SourceTitle "EXT 2022"]
[Source "ChessBase"]
[SourceDate "2021.10.06"]
[SourceVersion "1"]
[SourceVersionDate "2021.10.06"]
[SourceQuality "1"]
[WhiteTeam "Putlitzer SV 1921"]
[BlackTeam "Malchow Schachinsel"]
[WhiteTeamCountry "GER"]
[BlackTeamCountry "GER"]

1. c4 f5 2. Nc3 Nf6 3. Nf3 Nc6 4. d4 d5 5. e3 g6 6. Bd2 Bg7 7. cxd5 Nxd5 8. Bc4 e6 9. a3 0-0 10. 0-0 a6 11. Rc1 Qd6 12. Ne2 Kh8 13. Qc2 Bf6 14. Rfd1 Rf7 15. e4 fxe4 16. Qxe4 Nb6 17. Bb3 Qf8 18. Nf4 Re7 19. Ne5 Bxe5 20. dxe5 Bd7 21. Rc3 Qg7 22. Rh3 Kg8 23. Bc3 Kf7 24. Rf3 Ke8 25. Rg3 Qf7 26. Rdd3 Kd8 27. Rgf3 Qe8 28. Rd1 Kc8 29. Rfd3 Kb8 30. Qe3 a5 31. Ne2 Ra6 32. Ng3 a4 33. Ba2 Bc8 34. Ne4 Nd5 35. Bxd5 exd5 36. Rxd5 Be6 37. R5d2 Bb3 38. Nf6 Qc8 39. Rc1 Qe6 40. Bb4 Rf7 41. h3 b5 42. Qc5 Nxb4 43. axb4 Bc4 44. Rcd1 Rc6 45. Rd8+ Kb7 46. Qd4 Bb3 47. Re8 Re7 48. Rf8 Ra6 49. Rc1 Bc4 50. Ne4 Rc6 51. Qd8 1-0

[Event "Mecklenburg VP LL2 West 1415"]
[Site "Mecklenburg VP"]
[Date "2014.12.07"]
[Round "4.6"]
[White "Hopp, Peter"]
[Black "Gottschalk, Maik"]
[Result "1/2-1/2"]
[WhiteElo "1629"]
[BlackElo "1629"]
[PlyCount "48"]
[EventDate "2014.09.21"]
[EventType "team-tourn"]
[EventRounds "9"]
[EventCountry "GER"]
[SourceTitle "EXT 2022"]
[Source "ChessBase"]
[SourceDate "2021.10.06"]
[SourceVersion "1"]
[SourceVersionDate "2021.10.06"]
[SourceQuality "1"]
[WhiteTeam "Mecklenburger Springer SC"]
[BlackTeam "Putlitzer SV 1921"]
[WhiteTeamCountry "GER"]
[BlackTeamCountry "GER"]

1. e4 d6 2. Nc3 g6 3. Nf3 Bg7 4. Bc4 Nf6 5. d4 0-0 6. Bg5 c6 7. a4 Bg4 8. Bb3 Nbd7 9. h3 Bxf3 10. Qxf3 e5 11. Bxf6 Qxf6 12. Qxf6 Bxf6 13. d5 Nc5 14. Bc4 Bg5 15. Rd1 Be7 16. 0-0 Nd7 17. b4 a6 18. dxc6 bxc6 19. b5 Nb6 20. Bb3 axb5 21. axb5 cxb5 22. Nxb5 Rfd8 23. Ra1 Rxa1 24. Rxa1 Ra8 1/2-1/2

[Event "Mecklenburg VP LL2 West 1314"]
[Site "Mecklenburg VP"]
[Date "2013.12.15"]
[Round "4.7"]
[White "Gottschalk, Maik"]
[Black "Dittrich, Carsten"]
[Result "1/2-1/2"]
[WhiteElo "1646"]
[BlackElo "1841"]
[PlyCount "73"]
[EventDate "2013.10.27"]
[EventType "team-tourn"]
[EventRounds "9"]
[EventCountry "GER"]
[SourceTitle "EXT 2022"]
[Source "ChessBase"]
[SourceDate "2021.10.06"]
[SourceVersion "1"]
[SourceVersionDate "2021.10.06"]
[SourceQuality "1"]
[WhiteTeam "Putlitzer SV 1921"]
[BlackTeam "Schwerin SF IV"]
[WhiteTeamCountry "GER"]
[BlackTeamCountry "GER"]

1. d4 d6 2. e3 c6 3. Bd3 e5 4. c3 Nf6 5. Nd2 Be7 6. e4 Qc7 7. Ngf3 Bg4 8. 0-0 0-0 9. Qb3 Nbd7 10. h3 Bxf3 11. Nxf3 b5 12. Be3 a6 13. Rac1 c5 14. Qd1 c4 15. Bb1 Rfc8 16. Nd2 Qb7 17. f4 a5 18. Qf3 Rf8 19. f5 Ne8 20. Kh2 Nc7 21. g4 f6 22. Rg1 g5 23. fxg6 hxg6 24. Rcf1 Kg7 25. Qg3 g5 26. Qf3 Qc8 27. Rf2 Rb8 28. Nf1 Rf7 29. Ng3 Qe8 30. Rgf1 Rf8 31. Qf5 Rd8 32. Kg2 Qg6 33. Qf3 Ne6 34. Nh5+ Kf7 35. Rh1 Nf4+ 36. Bxf4 gxf4 37. Kf1 1/2-1/2